Derechos fundamentales y garantías constitucionales

Tallennettuna:
Bibliografiset tiedot
Päätekijä: Nogueira Alcalá, Humberto (autor)
Aineistotyyppi: Kirja
Kieli:espanja
Julkaistu: Santiago, Chile Librotecnia 2013
Painos:4a. ed.
Aiheet:
Tagit: Lisää tagi
Ei tageja, Lisää ensimmäinen tagi!

MARC

LEADER 00000cam a2200000 a 4500
001 UCE2185
003 CL-VaPUC
005 20220830123347.0
008 140612e20130000cl |||||||||||||||||spa|d
999 |c 355847  |d 355845 
020 |a 9789567950645o.c 
020 |a 9789567950652 t.1 
020 |a 9789567950874 t.2 
040 |c Pontificia Universidad Católica de Valparaíso 
082 0 4 |a 342.83 NOG 2013  |2 21 
100 |a Nogueira Alcalá, Humberto  |e autor  |9 876107 
245 1 0 |a Derechos fundamentales y garantías constitucionales 
250 |a 4a. ed.  |b actualizada  
260 |a Santiago, Chile   |b Librotecnia  |c 2013 
300 |a tomos  
505 |a t.1: dogmática de los derechos fundamentales, interpretación de derechos y derechos de la personalidad. t.2: derechos del pensamiento libre, derechos de seguridad jurídica, derechos de libertad colectiva y derecho a un ambiente libre de contaminación 
583 |a last modification  |c 20181116 12:24:46  |k Rodrigo Vera 
650 0 |a Derechos fundamentales   |9 254841 
650 7 |a GARANTIAS CONSTITUCIONALES  |2 CL-VaPUC  |9 574657 
650 0 |a Derechos humanos  |9 223025 
852 |a BIBDER 
942 |c BK  |2 ddc 
945 |d 20140612 14:08:00  |a dcastane 
952 |0 0  |1 0  |3 erb  |4 0  |6 342_830000000000000_NOG_2013  |7 0  |8 A  |9 462742  |a BIBDER  |b BIBDER  |h t.1  |i 5083257  |l 8  |m 1  |o 342.83 NOG 2013  |p 5083257  |r 2023-05-23  |s 2023-05-23  |w 2019-11-23  |y BK  |z Catalogado en:20140612  |k DER 
952 |0 0  |1 0  |3 erb  |4 0  |6 342_830000000000000_NOG_2013  |7 0  |8 A  |9 462743  |a BIBDER  |b BIBDER  |h t.2  |i 5506042  |l 5  |m 1  |o 342.83 NOG 2013  |p 5506042  |r 2024-06-17  |s 2024-06-17  |w 2019-11-23  |y BK  |z Catalogado en:20181012  |k DER